[Event "Morbihan-ch 0405"]
[Site "Arradon"]
[Date "2004.10.10"]
[Round "1"]
[White "Chea, Ngou"]
[Black "Lion, Jacques"]
[Result "1-0"]
[WhiteElo "1499"]
[BlackElo "1250"]
[PlyCount "87"]
[EventDate "2004.10.10"]
[EventType "swiss"]
[EventRounds "7"]
[EventCountry "FRA"]
[SourceTitle "EXT 2007"]
[Source "ChessBase"]
[SourceDate "2006.11.23"]
[SourceVersion "1"]
[SourceVersionDate "2006.11.23"]
[SourceQuality "1"]

1. d4 d5 2. Nf3 Nf6 3. e3 e6 4. c4 c5 5. Nbd2 cxd4 6. Nxd4 e5 7. N4f3 Nc6 8. Qa4 Bd7 9. cxd5 Nd4 10. Qd1 Nf5 11. Nxe5 Nxd5 12. Nxd7 Qxd7 13. Nf3 Nf6 14. Qxd7+ Nxd7 15. Bb5 Rd8 16. Ne5 Bd6 17. Nxd7 Rxd7 18. Bxd7+ Kxd7 19. 0-0 Ke7 20. a4 a5 21. b3 Rc8 22. Ba3 Rc6 23. Bxd6+ Nxd6 24. Rac1 Rb6 25. Rb1 Ne4 26. Rfc1 Kf6 27. f3 Nd2 28. Rb2 Nxb3 29. Rc3 Rd6 30. Rcxb3 Rd1+ 31. Kf2 g5 32. Rxb7 h5 33. R7b5 Kg6 34. Rxa5 f6 35. Ra2 h4 36. e4 Rd6 37. Rb5 Re6 38. a5 g4 39. a6 Re5 40. Rxe5 fxe5 41. a7 Kg5 42. a8Q Kf4 43. Qf8+ Kg5 44. Ra6 1-0

[Event "Morbihan-ch 0304"]
[Site "Morbihan"]
[Date "2004.03.06"]
[Round "5"]
[White "Lion, Jacques"]
[Black "Rivalin, Patrick"]
[Result "0-1"]
[WhiteElo "1499"]
[BlackElo "1340"]
[PlyCount "94"]
[EventDate "2003.10.??"]
[EventType "swiss"]
[EventRounds "7"]
[EventCountry "FRA"]
[SourceTitle "EXT 2005"]
[Source "ChessBase"]
[SourceDate "2004.11.15"]
[SourceVersion "1"]
[SourceVersionDate "2004.11.15"]
[SourceQuality "1"]

1. e4 Nc6 2. d4 e5 3. Nf3 d6 4. dxe5 dxe5 5. Qxd8+ Nxd8 6. Nxe5 Nf6 7. Nc3 Bb4 8. Bc4 Bxc3+ 9. bxc3 Nxe4 10. 0-0 Nxc3 11. Re1 0-0 12. Ba3 Re8 13. Re3 Bf5 14. Rae1 Ne4 15. g4 Rxe5 16. gxf5 Nd2 17. Rxe5 Nf3+ 18. Kf1 Nxe5 19. Rxe5 Nc6 20. Rc5 h6 21. c3 Rd8 22. Rd5 Kh7 23. Rxd8 Nxd8 24. Be7 Nc6 25. Ba3 Ne5 26. Bb3 b5 27. f4 Nc4 28. Bc1 f6 29. a4 a6 30. Bxc4 bxc4 31. h4 h5 32. Ke2 g6 33. a5 Kg7 34. Kd1 Kf7 35. Kc2 gxf5 36. Kb2 Ke6 37. Ka3 Kd5 38. Be3 c5 39. Ka4 Ke4 40. Bd2 Kf3 41. Ka3 Kg4 42. Be3 Kxh4 43. Bxc5 Kg4 44. Be3 h4 45. Bg1 Kg3 46. Kb4 h3 47. Kxc4 Kg2 0-1